000 00268nam a2200109Ia 4500
008 190216s9999||||xx |||||||||||||| ||und||
100 _aGoyal D P
245 0 _aManagement Information Systems
260 _bHimalaya Publishing House
_c2000
300 _a426p
942 _cBK
999 _c5942
_d5942